[Event "Olympiad w"]
[Site "Bled SLO"]
[Date "2002.11.06"]
[Round "11"]
[White "Makropoulou,M"]
[Black "Borsuk,A"]
[Result "1-0"]
[WhiteElo "2272"]
[BlackElo "2255"]

1.e4 d6 2.d4 g6 3.Nc3 Bg7 4.Nf3 c6 5.h3 b5 6.Bd3 a6 7.a4 Bb7 8.O-O Nd7 9.Re1 e5
10.d5 cxd5 11.axb5 d4 12.Nd5 a5 13.c3 dxc3 14.bxc3 Bxd5 15.exd5 Ne7 16.Bg5 h6
17.Bxe7 Qxe7 18.Nd4 O-O 19.Nc6 Qg5 20.Re3 f5 21.Rg3 Qh4 22.Rxg6 f4 23.Rxd6 f3
24.Rxd7 e4 25.Ne7+ Kh7 26.Ra4 Rf4 27.Rxe4 Rxe4 28.Qxf3  1-0

[Event "Olympiad w"]
[Site "Bled SLO"]
[Date "2002.11.06"]
[Round "11"]
[White "Agrest,S"]
[Black "Fierro Baquero,M"]
[Result "1/2-1/2"]
[WhiteElo "2232"]
[BlackElo "2384"]

1.e4 g6 2.d4 Bg7 3.Nc3 d6 4.Be3 c6 5.Nf3 Nf6 6.h3 O-O 7.Qd2 Nbd7 8.Bh6 Qa5
9.Bxg7 Kxg7 10.Bd3 e5 11.dxe5 dxe5 12.O-O Re8 13.Rfe1 Nc5 14.a3 Qc7 15.Bf1 Ne6
16.Rad1 Rd8 17.Qe3 Ne8 18.Rxd8 Nxd8 19.Rd1  1/2-1/2

[Event "Olympiad"]
[Site "Bled SLO"]
[Date "2002.11.06"]
[Round "11"]
[White "Pavasovic,D"]
[Black "Rocha,S"]
[Result "1-0"]
[WhiteElo "2581"]
[BlackElo "2390"]

1.e4 d6 2.d4 g6 3.Nc3 Bg7 4.g3 c6 5.a4 Nd7 6.Bg2 Ngf6 7.h3 Qc7 8.Nge2 a6
9.O-O Rb8 10.f4 e5 11.Be3 O-O 12.dxe5 dxe5 13.f5 b5 14.g4 h6 15.Ng3 g5 16.a5 b4
17.Na4 c5 18.Qd2 Rb5 19.Bf3 Nh7 20.h4 Bf6 21.Nh5 Qc6 22.b3 Rxa5 23.Rad1 Be7
24.Nb2 Rb5 25.Nc4 Rb8 26.Qh2 Qc7 27.hxg5 Nxg5 28.f6 Nxf6 29.Nxf6+ Bxf6 30.Qxh6 Nxf3+
31.Rxf3 Bg7 32.Qh5 Be6 33.Rh3 Rfd8 34.Rf1 Bxc4 35.bxc4 Rb6 36.g5 Rdd6 37.Qh7+ Kf8
38.Rhf3 Rg6 39.Rxf7+ Qxf7 40.Bxc5+ Rgd6 41.Rxf7+ Kxf7 42.Qf5+ Ke8 43.Bxb6  1-0

[Event "Olympiad"]
[Site "Bled SLO"]
[Date "2002.11.07"]
[Round "12"]
[White "Nguyen Thanh Son"]
[Black "Dzhumaev,M"]
[Result "0-1"]
[WhiteElo "2450"]
[BlackElo "2495"]

1.e4 g6 2.d4 Bg7 3.Nc3 d6 4.f4 Nc6 5.Be3 Nf6 6.Nf3 O-O 7.e5 Nd7 8.h4 Nb6
9.h5 Bg4 10.hxg6 fxg6 11.Qd2 dxe5 12.fxe5 Qd7 13.Qf2 Rad8 14.O-O-O Nb4 15.Qh4 h5
16.Bg5 Rf7 17.a3 N4d5 18.Ne4 Qc6 19.Bd3 Na4 20.Rd2 Nf4 21.Bxf4 Rxf4 22.Qxe7 Rd7
23.Qe8+ Rf8 24.Nf6+ Bxf6 25.Qxg6+ Rg7 26.Qh6 Bg5 27.Qxc6 Bxd2+ 28.Nxd2 bxc6
29.Be4 Nb6 30.Bxc6 Be6 31.Bf3 Na4  0-1

[Event "Olympiad w"]
[Site "Bled SLO"]
[Date "2002.11.07"]
[Round "12"]
[White "Gaponenko,I"]
[Black "Khegai,A"]
[Result "1-0"]
[WhiteElo "2411"]
[BlackElo "2220"]

1.e4 g6 2.d4 Bg7 3.Nc3 d6 4.f4 Nf6 5.Nf3 c5 6.dxc5 Qa5 7.Bd3 Qxc5 8.Qe2 O-O
9.Be3 Qa5 10.O-O Nc6 11.h3 Nh5 12.Qe1 Be6 13.g4 Nf6 14.f5 Bd7 15.a3 Ne5 16.Nd4 Bc6
17.b4 Qd8 18.g5 Nxd3 19.cxd3 Nh5 20.b5 Bd7 21.Nde2 a6 22.a4 axb5 23.axb5 Rxa1
24.Qxa1 d5 25.Qe1 dxe4 26.dxe4 Be5 27.Qd2 Bc8 28.Qxd8 Rxd8 29.Nd5 Re8 30.Bc5 e6
31.Ne7+ Kh8 32.fxg6 fxg6 33.Rf7 Rd8 34.Nxc8 Rxc8 35.Bd4 Bxd4+ 36.Nxd4 e5
37.Ne6 Re8 38.Nc7 Rc8 39.Nd5 Rc4 40.Rxb7 Rxe4 41.Nf6 Nxf6 42.gxf6 Kg8 43.b6 Rb4
44.Rg7+ Kh8 45.Rc7  1-0

[Event "Olympiad"]
[Site "Bled SLO"]
[Date "2002.11.07"]
[Round "12"]
[White "Miladinovic,I"]
[Black "Hickl,J"]
[Result "1-0"]
[WhiteElo "2518"]
[BlackElo "2605"]

1.d4 d6 2.e4 g6 3.Nc3 Bg7 4.Be3 a6 5.Qd2 b5 6.O-O-O Bb7 7.f3 Nd7 8.h4 h5
9.Nh3 Rc8 10.Ng5 c5 11.Ne2 Qc7 12.Kb1 Ngf6 13.d5 Ne5 14.Nf4 Qb6 15.Qe1 a5
16.Bc1 b4 17.Nge6 Bh6 18.Ng5 Bg7 19.Nfe6 fxe6 20.Nxe6 Rg8 21.f4 Neg4 22.Bc4 Ba6
23.Bxa6 Qxa6 24.e5 Nd7 25.Qe4 Bh8 26.Rhf1 dxe5 27.d6 exd6 28.fxe5 Bxe5 29.Bg5 Nb6
30.b3 Qa8 31.Rxd6  1-0

[Event "Olympiad"]
[Site "Bled SLO"]
[Date "2002.11.07"]
[Round "12"]
[White "Christiansen,L"]
[Black "Wohl,A"]
[Result "1-0"]
[WhiteElo "2566"]
[BlackElo "2422"]

1.e4 g6 2.d4 Bg7 3.Nc3 d6 4.Bc4 a6 5.Nf3 e6 6.a4 b6 7.O-O Nd7 8.e5 Ne7 9.exd6 cxd6
10.Ne4 Nf6 11.Nxf6+ Bxf6 12.Re1 O-O 13.c3 Qc7 14.Bb3 Bg7 15.Bf4 Bb7 16.Qe2 Rae8
17.Rad1 Nd5 18.Bg3 Nf6 19.Qc4 Qb8 20.Qb4 Rd8 21.Nd2 Ba8 22.Bc4 a5 23.Qa3 h6
24.h3 g5 25.Be2 Rfe8 26.Bf3 Bxf3 27.Nxf3 Nh5 28.Bh2 f5 29.Qb3 Kf7 30.Re2 Bf6
31.Rde1 Ng7 32.Nd2 Qb7 33.Nc4 f4 34.Nxa5 Qa8 35.Nc4 Qd5 36.Qb4 Be7 37.Nxb6 Qf5
38.a5 f3 39.g4 Qg6 40.Re3 Kg8 41.Qc4 Rf8 42.Rxe6 Nxe6 43.Rxe6 Qb1+ 44.Re1+ d5
45.Rxb1 dxc4 46.Nxc4 Bf6 47.Be5 Bxe5 48.Nxe5 Rd5 49.b4 Rc8 50.Rb3 h5 51.gxh5  1-0

[Event "Olympiad"]
[Site "Bled SLO"]
[Date "2002.11.07"]
[Round "12"]
[White "Leitao,R"]
[Black "Delchev,A"]
[Result "1/2-1/2"]
[WhiteElo "2548"]
[BlackElo "2560"]

1.e4 g6 2.d4 d6 3.Nc3 Bg7 4.Be3 c6 5.Qd2 b5 6.Bd3 Nd7 7.Nf3 Nb6 8.h3 Qc7
9.O-O Nf6 10.Bh6 O-O 11.e5 Nfd5 12.Nxd5 Nxd5 13.Rfe1 dxe5 14.dxe5 Rd8 15.Bxg7 Kxg7
16.Re4 h6 17.Rh4 Rh8 18.a4 b4 19.Be4 Be6 20.Bxd5 Bxd5 21.Qxb4 Bxf3 22.gxf3 Qxe5
23.Re1 Qf6 24.Rf4 Rhb8 25.Rxf6 Rxb4 26.Rxc6 Rxa4 27.Rxe7 Rf4 28.Re3 a5 29.Ra3 Rb8
30.Rxa5 Rxb2 31.Kg2 Rbb4 32.Rc7 Rbc4 33.Rac5 Rcd4 34.Re7 Rc4 35.Rcc7 Rcd4
36.Rc5 Rc4 37.Rcc7 Rcd4  1/2-1/2

[Event "Olympiad"]
[Site "Bled SLO"]
[Date "2002.11.08"]
[Round "13"]
[White "Annaberdiev,M"]
[Black "Delchev,A"]
[Result "0-1"]
[WhiteElo "2305"]
[BlackElo "2560"]

1.d4 g6 2.e4 d6 3.Nc3 Bg7 4.h3 Nf6 5.Nf3 O-O 6.Be2 c5 7.dxc5 Qa5 8.cxd6 Nxe4
9.O-O Nxc3 10.bxc3 exd6 11.Qxd6 Nc6 12.Bg5 Bxc3 13.Bf6 Be6 14.Bxc3 Qxc3 15.Ng5 Rad8
16.Qf4 Bf5 17.Qh4 Qg7 18.c3 h6 19.Nf3 Rfe8 20.Bb5 Re4 21.Qg3 Qxc3 22.Rac1 Qf6
23.Bxc6 bxc6 24.Qc7 Rc8 25.Qxa7 Bxh3 26.Qa3 Be6 27.Qd6 Rg4 28.Ne5 Rxg2+ 29.Kxg2 Bh3+  0-1

[Event "Olympiad w"]
[Site "Bled SLO"]
[Date "2002.11.08"]
[Round "13"]
[White "Johnsen,Sy"]
[Black "Khegai,A"]
[Result "0-1"]
[WhiteElo "2079"]
[BlackElo "2220"]

1.e4 g6 2.d4 Bg7 3.Nc3 d6 4.f4 Nf6 5.Nf3 c5 6.dxc5 Qa5 7.Bd3 Qxc5 8.Qe2 O-O
9.Be3 Qa5 10.O-O-O Nbd7 11.Kb1 a6 12.f5 b5 13.Nd4 Bb7 14.Nb3 Qc7 15.a3 Nb6
16.g4 Na4 17.Bd2 Nd7 18.Nxa4 bxa4 19.Na5 Rfb8 20.Bb4 Ne5 21.g5 Bc8 22.Rhf1 Bf8
23.Nc4 a5 24.Bc3 e6 25.fxg6 hxg6 26.Bd4 Ba6 27.Bxe5 dxe5 28.Kc1 Qb7 29.c3 Bxc4
30.Bxc4 Bxa3 31.Rd2 Be7 32.h4 Rc8 33.Qf3 Bf8 34.Ba2 a3 35.b3 Bb4 36.Rd3 Bxc3
37.Kd1 Bb2 38.Rf2 Rc1+ 39.Ke2 Rac8 40.Rf1 R8c2+ 41.Rd2 Qb5+ 42.Qd3 Rxd2+
43.Kxd2 Qxd3+  0-1

[Event "Olympiad w"]
[Site "Bled SLO"]
[Date "2002.11.10"]
[Round "14"]
[White "Xu Yuhua"]
[Black "Aleksieva,S"]
[Result "1-0"]
[WhiteElo "2473"]
[BlackElo "2342"]

1.e4 g6 2.d4 Bg7 3.Nc3 d6 4.Be3 a6 5.Qd2 Nd7 6.Nf3 b5 7.a4 b4 8.Ne2 Bb7 9.Ng3 c5
10.a5 Qc7 11.Bc4 e6 12.dxc5 Bxb2 13.Bd4 Bxa1 14.Bxa1 Qxc5 15.Bxe6 fxe6 16.Bxh8 Ngf6
17.O-O O-O-O 18.Bxf6 Nxf6 19.Ng5 Re8 20.Rb1 d5 21.Rxb4 h6 22.e5 hxg5 23.exf6 Rf8
24.Rg4 Rxf6 25.Rxg5 Qc4 26.h3 Bc6 27.Re5 Bd7 28.Re3 Kd8 29.Ne2 Ke7 30.Nd4 Qa4
31.Nf3 Kf8 32.Qc3 Ke7 33.Ne5 Qf4 34.Ng4 Rf7 35.Qa3+ Qd6 36.Qd3 g5 37.Nh6 d4
38.Nxf7  1-0

[Event "Olympiad w"]
[Site "Bled SLO"]
[Date "2002.11.10"]
[Round "14"]
[White "Kaps,D"]
[Black "Khegai,A"]
[Result "1-0"]
[WhiteElo "2224"]
[BlackElo "2220"]

1.e4 g6 2.d4 Bg7 3.Nc3 d6 4.Bg5 h6 5.Be3 c6 6.a4 Qa5 7.Bd3 Nf6 8.h3 O-O 9.Ne2 Nbd7
10.O-O e5 11.Qd2 Kh7 12.f4 exd4 13.Nxd4 Nc5 14.f5 g5 15.Nb3 Nxb3 16.cxb3 Kh8
17.h4 Ng4 18.hxg5 hxg5 19.Rf3 Nxe3 20.Qxe3 Bf6 21.Rh3+ Kg7 22.Kf2 Bd7 23.Rah1 Rh8
24.Bc4 Rh4 25.Rxh4 gxh4 26.g4 Qb6 27.Qxb6 axb6 28.Kf3 Rh8 29.Ne2 Bxb2 30.Nf4 Be5
31.Nh5+ Kf8 32.Rxh4 Be8 33.g5 Bd7 34.Kg4 Rg8 35.Rh1 d5 36.exd5 f6 37.Nxf6 Bxf6
38.Rh5 Be8 39.g6 cxd5 40.Bxd5 Rg7 41.Rh8+ Ke7 42.Rh7 Bc6 43.Bc4 Kd6 44.Rh2 Kc5
45.Bf7 Kd4 46.Re2 Be4 47.Kf4 Bd3 48.Re6 Bh4 49.Kg4 Bf2 50.Kg5 Be3+ 51.Rxe3 Kxe3
52.f6 Bxg6 53.Bxg6 Rg8 54.f7 Rb8 55.Bf5 Kd4 56.Kf6 Kc3 57.Be6  1-0

[Event "Kubanskaja Osen"]
[Site "Krasnodar RUS"]
[Date "2002.11.15"]
[Round "1"]
[White "Frolyanov,D"]
[Black "Tseshkovsky,V"]
[Result "0-1"]
[WhiteElo "2433"]
[BlackElo "2545"]

1.e4 d6 2.d4 g6 3.Nc3 Bg7 4.Be3 a6 5.Qd2 b5 6.f3 c6 7.g4 Nd7 8.Nge2 h5 9.g5 Nb6
10.b3 a5 11.Bg2 h4 12.f4 d5 13.O-O b4 14.Na4 Nxa4 15.bxa4 e6 16.a3 bxa3 17.Rxa3 Ne7
18.Bf2 Ba6 19.Re1 Rb8 20.Rh3 dxe4 21.Nc3 c5 22.Nxe4 cxd4 23.Rxh4 Rxh4 24.Bxh4 Bb7
25.Qd3 Kf8 26.Bf2 Nf5 27.Rb1 Bxe4 28.Rxb8 Qxb8 29.Qxe4 Qb1+ 30.Bf1 Kg8 31.Kg2 Qb4
32.Bb5 Qd2 33.Be2 Ne3+ 34.Kf3 Nxc2 35.Qd3 Ne1+ 36.Bxe1 Qxe1 37.Bf1 e5 38.fxe5 Bxe5
39.Qe2 Qxe2+ 40.Bxe2 Bxh2 41.Ke4 Bg1 42.Kf4 Be3+ 43.Kg4 Kf8 44.Bc4 Ke7 45.Bd3 Bd2
46.Bc4 Bc1 47.Bd3 Be3 48.Bc4 f6 49.gxf6+ Kxf6 50.Bb5 Ke5 51.Kf3 g5 52.Bc4 Kd6
53.Bb5 Kc5 54.Bd7 Kc4 55.Ke2 Kc3 56.Be6 Bc1 57.Bf5 Bf4  0-1

[Event "TCh-FIN 2002-3"]
[Site "Finland FIN"]
[Date "2002.11.17"]
[Round "5"]
[White "Innala,H"]
[Black "Byggmastar,L"]
[Result "1/2-1/2"]
[WhiteElo "2245"]
[BlackElo "2210"]

1.e4 g6 2.d4 Bg7 3.Nc3 d6 4.Be3 Nf6 5.Qd2 O-O 6.f3 b6 7.O-O-O Ba6 8.Bxa6 Nxa6
9.Bh6 e5 10.Nge2 c5 11.dxc5 dxc5 12.Qe3 Bxh6 13.Qxh6 Qe7 14.g4 Nc7 15.Ng3 Rfd8
16.Rdg1 Kh8 17.h4 Ne6 18.Qe3 Nc7 19.h5 Nd7 20.g5 b5 21.Rg2 Nf8 22.Nd5 Qd6
23.Rd2 a5 24.Rhd1 Nce6 25.f4 exf4 26.Nxf4 Qe5 27.Rxd8 Rxd8 28.Rxd8 Nxd8 29.Nd3 Qd4
30.Qf3 gxh5 31.e5 Nfe6 32.Ne4 c4 33.Qf6+ Kg8 34.Ndc5 h4 35.Nxe6 Nxe6 36.Nd6 Qg1+
37.Kd2 Qxg5+ 38.Qxg5+ Nxg5 39.Ke3 h3 40.Kf2 Kf8 41.Nxb5 Ne4+ 42.Kg1 Ke7 43.Nd4 a4
44.b3 axb3 45.axb3 c3 46.Kh2 f6 47.exf6+ Kxf6 48.Kxh3 Ke5 49.Ne2 Nf2+ 50.Kh4 Nd1
51.Kh5 Ke4 52.b4 Kd5 53.Kh6  1/2-1/2

[Event "WYg18"]
[Site "Heraklio GRE"]
[Date "2002.11.17"]
[Round "3"]
[White "Vasilevich,I"]
[Black "Paehtz,E"]
[Result "1/2-1/2"]
[WhiteElo "2251"]
[BlackElo "2349"]

1.e4 g6 2.d4 Bg7 3.Nc3 d6 4.Be3 a6 5.a4 b6 6.Bc4 e6 7.Nge2 Nd7 8.Qd2 Bb7
9.f3 h6 10.Bb3 Ne7 11.Nf4 Nf8 12.Nd3 Qd7 13.Nf2 Rd8 14.Ng4 Ng8 15.Rd1 Qe7
16.O-O Nd7 17.Rfe1 Ndf6 18.Nf2 Qd7 19.Qc1 Ne7 20.e5 Nfd5 21.Bxd5 exd5 22.exd6 cxd6
23.Ng4 g5 24.h4 f5 25.Nh2 f4 26.Bf2 O-O 27.hxg5 hxg5 28.Qd2 Nf5 29.Qd3 Qf7
30.Ne2 Rde8 31.Nf1 Re6 32.g4 fxg3 33.Nexg3 Nh4 34.Nh2 Rf6 35.Re3 Rf4 36.c3 g4
37.Rde1 Nxf3+ 38.Nxf3 Rxf3 39.Rxf3 gxf3 40.Qe3 Bc8 41.Qg5 Qf6 42.Qxd5+ Kh7
43.Qh5+ Bh6 44.d5 Rg8 45.Re4 Bd7 46.Kh2 Qg5 47.Qf7+ Rg7 48.Qxf3 Qxd5 49.c4 Qd2
50.Re2 Qg5 51.Qe4+ Kh8 52.b3 b5  1/2-1/2

[Event "WYg18"]
[Site "Heraklio GRE"]
[Date "2002.11.17"]
[Round "4"]
[White "Khukhashvili,S"]
[Black "Igla,B"]
[Result "1-0"]
[WhiteElo "2324"]
[BlackElo "2160"]

1.e4 d6 2.d4 g6 3.Nc3 Bg7 4.Nge2 Nf6 5.g3 O-O 6.Bg2 c6 7.a4 a5 8.O-O e5 9.h3 exd4
10.Nxd4 Na6 11.g4 Nc5 12.Nde2 Be6 13.Be3 Qe7 14.Ng3 b5 15.axb5 cxb5 16.e5 dxe5
17.Bxa8 Rxa8 18.Nxb5 Bc4 19.Qd6 Qxd6 20.Nxd6 Bxf1 21.Kxf1 Ncd7 22.Nc4 a4
23.b3 Nd5 24.Rxa4 Rxa4 25.bxa4 Nxe3+ 26.fxe3 Nc5 27.a5 Kf8 28.Ne4 Na6 29.g5 h6
30.h4 Ke7 31.Nb6 Ke6 32.Ke2 hxg5 33.hxg5 Bf8 34.c3 Be7 35.Kf3 Kf5 36.Nc4 Bd8
37.Ncd6+ Ke6 38.Nb7 Be7 39.c4 Kd7 40.c5 Kc6 41.Nbd6 Nxc5 42.Nxf7 Nd7 43.Nd2 Kd5
44.a6 Bc5 45.Nh8 Nf8 46.Ne4 Ba7 47.Nf7 Ne6 48.Nf6+ Kc5 49.e4 Kb5 50.Nd7 Kxa6
51.Ndxe5 Nf8 52.Nh8 Ne6 53.Nhf7 Nf8 54.Nc6 Bc5 55.Kf4 Kb6 56.Ncd8 Kc7 57.Ke5 Kd7
58.Kf6 Ke8 59.Kg7 Bd4+ 60.e5 Bc3 61.Nd6+ Kxd8 62.Kxf8 Kd7 63.Nf7 Ke6 64.Kg7 Kf5
65.Kh6 Bd2 66.Nd6+ Ke6 67.Nc4 Bf4 68.Kxg6 Kd5 69.Kf5  1-0

[Event "Kubanskaja Osen"]
[Site "Krasnodar RUS"]
[Date "2002.11.17"]
[Round "3"]
[White "Geller,J"]
[Black "Tseshkovsky,V"]
[Result "1/2-1/2"]
[WhiteElo "2433"]
[BlackElo "2545"]

1.e4 d6 2.d4 g6 3.Nc3 Bg7 4.Be3 c6 5.Qd2 b5 6.Bd3 a6 7.a4 b4 8.Nce2 a5 9.c3 Ba6
10.Nc1 Nf6 11.f3 O-O 12.cxb4 axb4 13.Qxb4 c5 14.dxc5 Nc6 15.Qd2 dxc5 16.Bxa6 Rxa6
17.Bxc5 Qxd2+ 18.Kxd2 Nd7 19.Ba3 Nde5 20.Nge2 Rxa4 21.Nb3 Nc4+ 22.Ke1 Rb8
23.Nd2 Nxa3 24.Rxa3 Rxa3 25.bxa3 Rb2 26.Kd1 Ra2 27.Nc1 Rxa3 28.Ndb3 Nd4 29.Nxd4 Bxd4
30.Ke2 h5 31.Rd1 Bb6 32.Nd3 g5 33.h3 Kg7 34.Ne5 Rc3 35.Rd3 Rc5 36.Nd7  1/2-1/2

[Event "WYg18"]
[Site "Heraklio GRE"]
[Date "2002.11.18"]
[Round "5"]
[White "Tsereteli,T"]
[Black "Paehtz,E"]
[Result "0-1"]
[WhiteElo "2316"]
[BlackElo "2349"]

1.e4 g6 2.d4 Bg7 3.Nc3 d6 4.Be2 a6 5.a4 Nf6 6.h4 h5 7.Bg5 Nc6 8.Nf3 Bg4 9.d5 Bxf3
10.gxf3 Ne5 11.f4 Ned7 12.Bxf6 Bxf6 13.f5 Qb8 14.fxg6 fxg6 15.Qd3 Qa7 16.Qg3 O-O-O
17.O-O-O Qc5 18.Rhg1 Bd4 19.Qxg6 Bxf2 20.Rg2 Bxh4 21.Bxh5 Kb8 22.Be2 Bf6
23.Qg3 Qb4 24.Bg4 Nc5 25.Bf5 Be5 26.Qe3 Rhg8 27.Rf2 Rg3 28.Rf3 Rdg8 29.Rdf1 Rxf3
30.Rxf3 Bd4  0-1

[Event "WYb12"]
[Site "Heraklio GRE"]
[Date "2002.11.22"]
[Round "9"]
[White "Sai,S"]
[Black "Matlakov,M"]
[Result "1/2-1/2"]
[WhiteElo "2151"]
[BlackElo "2312"]

1.e4 g6 2.d4 Bg7 3.Nc3 d6 4.Be3 a6 5.f3 b5 6.Qd2 Nd7 7.g4 Bb7 8.Nce2 c5 9.c3 cxd4
10.cxd4 e6 11.Ng3 Rc8 12.Bd3 Ne7 13.N1e2 Nc6 14.Rc1 d5 15.e5 f6 16.f4 fxe5
17.fxe5 O-O 18.Bg5 Qb6 19.Qe3 Qa5+ 20.Qd2 Qxa2 21.Rf1 Rxf1+ 22.Kxf1 Rf8+
23.Kg2 Nb6 24.Bb1 Qb3 25.Qc3 Qxc3 26.Rxc3 Re8 27.b3 b4 28.Rc1 Rc8 29.Bd2 Bf8
30.h4 Na5 31.Rxc8 Bxc8 32.Bc2 Nc6 33.h5 Kg7 34.Bg5 Be7 35.Bxe7 Nxe7 36.Nf4 a5
37.Nd3 Kf7 38.Nc5 Bd7 39.Kf2 Bb5  1/2-1/2

[Event "Kubanskaja Osen"]
[Site "Krasnodar RUS"]
[Date "2002.11.23"]
[Round "9"]
[White "Gasanov,E"]
[Black "Tseshkovsky,V"]
[Result "1-0"]
[WhiteElo "2473"]
[BlackElo "2545"]

1.e4 d6 2.d4 g6 3.Nc3 Bg7 4.Nf3 Nf6 5.Be2 O-O 6.O-O c6 7.a4 a5 8.Bf4 Na6
9.h3 Nb4 10.Qd2 e5 11.Bg5 exd4 12.Nxd4 Qe8 13.Bf3 b6 14.Rfe1 Nd7 15.Be3 Bb7
16.Rad1 Rd8 17.Qc1 Qe7 18.g3 Rfe8 19.Bg2 Qf8 20.f4 Nc5 21.Bf2 d5 22.e5 f6
23.Nf3 f5 24.Kh2 Rb8 25.g4 fxg4 26.hxg4 Ne6 27.Ne2 c5 28.c3 Na6 29.Rf1 Nac7
30.Be3 Ba6 31.Rf2 d4 32.cxd4 Nd5 33.Nfg1 Nxe3 34.Qxe3 cxd4 35.Nxd4 Nxd4 36.Rxd4 g5
37.Bd5+ Kh8 38.Nf3 gxf4 39.Rxf4 Qc5 40.Qxc5 bxc5 41.e6 Bb7 42.Bc4 h6 43.Nh4 Bc8
44.e7 Kh7 45.Bd3+ Kg8 46.Rf8+ Bxf8 47.Bc4+ Kh7 48.exf8=Q Rxf8 49.Rxf8 Rxb2+
50.Kg3 Rb4 51.Bg8+ Kg7 52.Rxc8 Rxa4 53.Nf5+ Kg6 54.Kh4  1-0

[Event "ch-ROM"]
[Site "Curtea de Arges ROM"]
[Date "2002.11.24"]
[Round "1.2"]
[White "Aldea,L"]
[Black "Bogdan,D"]
[Result "1-0"]
[WhiteElo "2296"]
[BlackElo "2412"]

1.e4 d6 2.d4 g6 3.Nc3 Bg7 4.Nf3 a6 5.a4 b6 6.Bc4 e6 7.O-O Ne7 8.Bg5 h6 9.Be3 O-O
10.Re1 Bb7 11.Qd2 Kh7 12.Bf4 Nd7 13.Rad1 Nf6 14.h3 Qd7 15.Qe2 Ne8 16.Bb3 Rd8
17.Na2 Bc6 18.Nc3 Bb7 19.Na2 Bc6 20.Nc3 Bb7 21.Bg3 Qc8 22.Rd2 c6 23.Nd1 d5
24.e5 Nf5 25.Bh2 a5 26.Ne3 Ba6 27.Qd1 Nxe3 28.Rxe3 Bc4 29.c3 Bxb3 30.Qxb3 Qa6
31.Ne1 c5 32.f4 Rc8 33.Nf3 Nc7 34.g4 cxd4 35.Nxd4 Qc4 36.Qc2 Na6 37.f5 exf5
38.gxf5 Nb4 39.Qd1 Nc6 40.f6 Bh8 41.Nxc6 Rxc6 42.Rd4 Qc5 43.Qd3 Re8 44.Rxd5 Qf8
45.Bf4 Rce6 46.Qd4 Qg8 47.h4 Qf8 48.Kf2 Kg8 49.h5 g5 50.Rg3 Bxf6 51.exf6 Re4
52.Qd2 Re2+ 53.Qxe2 Rxe2+ 54.Kxe2 Qe8+ 55.Re3 Qa8 56.Red3 Kh7 57.Be3 Qc6
58.Rd8 Qg2+ 59.Kd1 Qf3+ 60.Kc2 Qxh5 61.Kb3 Qg4 62.R8d6 b5 63.axb5 a4+ 64.Kc2 Qc4
65.b6 Qb3+ 66.Kc1 a3 67.bxa3 Qxa3+ 68.Kd1 g4 69.Rd7 Qb3+ 70.Ke2 Qb2+ 71.Rd2 Qb5+
72.Ke1 Kg6 73.b7 g3 74.c4 Qe5 75.Re7 Qa1+ 76.Rd1 Qc3+  1-0

[Event "ch-ROM"]
[Site "Curtea de Arges ROM"]
[Date "2002.11.24"]
[Round "1.2"]
[White "Moldovan,D"]
[Black "Pali,Ad"]
[Result "1-0"]
[WhiteElo "2460"]
[BlackElo "2191"]

1.e4 g6 2.d4 Bg7 3.Nc3 d6 4.g3 Nf6 5.Bg2 O-O 6.Nge2 c6 7.a4 Qc7 8.O-O Nbd7
9.h3 e5 10.a5 Rb8 11.Be3 b5 12.axb6 axb6 13.d5 Bb7 14.Qd2 Ra8 15.dxc6 Bxc6
16.Rad1 Ne8 17.Nd5 Bxd5 18.Qxd5 Ra5 19.Qd2 Ra2 20.Qc1 Qc4 21.Nc3 Ra5 22.Nd5 Rxd5
23.Rxd5 Ndf6 24.b3 Qc6 25.c4 Nc7 26.Rd2 Nxe4 27.Bxe4 Qxe4 28.Rxd6 b5 29.Qb1 Qf3
30.Qd1 Qf5 31.Qg4 Qc2 32.Qd7 Ne8 33.Rd2 Qxb3 34.Qxb5 Qc3 35.Rd8 Nc7 36.Rxf8+ Bxf8
37.Qc6 Ne6 38.Rc1 Qb2 39.Qb5 Bb4 40.Bh6  1-0

[Event "ch-CRO"]
[Site "Zagreb CRO"]
[Date "2002.11.24"]
[Round "1"]
[White "Golubovic,B"]
[Black "Katulic,Z"]
[Result "1-0"]
[WhiteElo "2441"]
[BlackElo "2054"]

1.e4 d6 2.d4 g6 3.Nc3 Bg7 4.Be3 Nd7 5.Qd2 c6 6.Nf3 a6 7.Bd3 b5 8.O-O Nb6
9.h3 Qc7 10.e5 Nc4 11.Bxc4 bxc4 12.Bf4 Be6 13.Rfe1 d5 14.b3 cxb3 15.axb3 h5
16.Na4 Bh6 17.Nc5 Bc8 18.Ra4 Kf8 19.Rea1 Kg7 20.Ng5 e6 21.Nf3 Ne7 22.Bxh6+ Rxh6
23.Qg5 Ng8 24.b4 h4 25.Nxh4 Rh5 26.Qg3 Nh6 27.Nf3 Qe7 28.Qf4 g5 29.Qf6+ Qxf6
30.exf6+ Kxf6 31.Ne5 Rh4 32.c3 g4 33.hxg4 Kg5 34.Nf3+  1-0

[Event "40th Ann Open"]
[Site "Curacao AHO"]
[Date "2002.11.26"]
[Round "8"]
[White "Broehl,S"]
[Black "Strijkers,N"]
[Result "1/2-1/2"]
[WhiteElo "2223"]
[BlackElo "2164"]

1.e4 g6 2.d4 Bg7 3.Nc3 d6 4.Be3 a6 5.f4 b5 6.Be2 Bb7 7.Bf3 Nd7 8.e5 Bxf3
9.Qxf3 Nb6 10.a4 b4 11.Ne4 e6 12.a5 Nd5 13.Bf2 Nge7 14.Ne2 Qd7 15.O-O O-O
16.Bh4 Nf5 17.Nf6+ Nxf6 18.Bxf6 Nxd4 19.Nxd4 dxe5 20.fxe5 Qxd4+ 21.Kh1 Qxb2
22.Bxg7 Kxg7 23.Qf6+ Kg8 24.Rab1 Qc3 25.Rb3 Qxc2 26.Rxb4 Rad8 27.Rbf4 Rd1
28.h4 Qc1 29.h5 Rxf1+ 30.Rxf1 Qh6 31.g4 Qg7 32.Qf4 g5 33.Qe3 Rd8 34.Qc5 Qf8
35.Qxc7 Rc8 36.Qb7 Rb8 37.Qc7 Rc8 38.Qa7 Ra8 39.Qb7 Rb8 40.Qxa6 Qc5 41.Qd6 Qd5+
42.Qxd5 exd5 43.a6 Ra8 44.Rf6 Kf8 45.Kg2 Ke7 46.Kf3 Rb8 47.Ke3 Rb4 48.Rd6 Rxg4
49.Rxd5 Ra4 50.Rd6 g4 51.Kf2 Ra5 52.Rb6 Rxe5 53.a7 Ra5 54.Rb7+ Kf6 55.Kg3 Ra4
56.Kh4 h6 57.Rc7 g3+ 58.Kxg3 Kg5 59.Rxf7 Ra3+ 60.Kf2 Kxh5 61.Rg7 Kh4 62.Ke2 h5
63.Kf2 Ra1 64.Ke2 Kh3  1/2-1/2

[Event "ch-ISR"]
[Site "Tel Aviv ISR"]
[Date "2002.11.26"]
[Round "2"]
[White "Bitansky,I"]
[Black "Kantsler,B"]
[Result "0-1"]
[WhiteElo "2370"]
[BlackElo "2486"]

1.e4 g6 2.d4 Bg7 3.Nc3 d6 4.Be3 a6 5.Qd2 b5 6.a4 b4 7.Nce2 a5 8.Ng3 c5 9.Nf3 cxd4
10.Nxd4 Nf6 11.Bh6 Bxh6 12.Qxh6 Qb6 13.Rd1 Bd7 14.Bb5 Nc6 15.Nxc6 Bxc6 16.Bxc6+ Qxc6
17.O-O Qxa4 18.Rd2 Qb5 19.f4 a4 20.e5 dxe5 21.fxe5 Qxe5 22.Re2 Qd4+ 23.Kh1 a3
24.c3 bxc3 25.bxc3 Qxc3 26.Rfe1 a2 27.Rxe7+ Kd8 28.Qg7 Rg8 29.Rd7+ Kc8 30.Rc7+ Kxc7
31.Qxf7+ Kb8  0-1

[Event "ch-ISR"]
[Site "Tel Aviv ISR"]
[Date "2002.11.27"]
[Round "3"]
[White "Bar,R"]
[Black "Gofshtein,Z"]
[Result "1/2-1/2"]
[WhiteElo "2413"]
[BlackElo "2519"]

1.e4 g6 2.d4 Bg7 3.Nc3 d6 4.Be3 a6 5.a4 Nf6 6.h3 O-O 7.Nf3 e6 8.Be2 b6 9.Nd2 Bb7
10.O-O Nbd7 11.Bf3 Rb8 12.g4 c5 13.dxc5 Nxc5 14.Ra3 Qc7 15.g5 Ne8 16.Qe2 f6
17.Bg2 fxg5 18.Bxg5 Nf6 19.b4 Ncd7 20.Qc4 Rbc8 21.Qxe6+ Kh8 22.Qb3 Nh5 23.Nd5 Bxd5
24.exd5 Nf4 25.Bxf4 Rxf4 26.c4 Ne5 27.a5 Nxc4 28.Nxc4 Rxc4 29.axb6 Qxb6 30.Qa2 Rxb4
31.Rxa6 Qd8 32.Qa5 Qxa5 33.Rxa5 Bd4 34.Ra2 Rf8 35.Re2 Bc5 36.Be4 Rf4 37.Bg2 Kg7
38.Rc1 Rb7 39.Kf1 Rbf7 40.Rcc2 h5 41.Rb2 Kh6 42.Be4 Ra7 43.Bg2 Raa4 44.Ra2 Rxa2
45.Rxa2 Kg5 46.Re2 Kf5 47.Kg1 g5 48.Kf1 g4 49.hxg4+ hxg4 50.Ke1 Bb4+ 51.Kf1 Rd4
52.f3  1/2-1/2

[Event "ch-ISR"]
[Site "Tel Aviv ISR"]
[Date "2002.11.27"]
[Round "3"]
[White "Rot,Y"]
[Black "Tseitlin,Ma"]
[Result "0-1"]
[WhiteElo "2125"]
[BlackElo "2472"]

1.e4 g6 2.d4 Bg7 3.Nc3 d6 4.f4 a6 5.a4 Nc6 6.d5 Nb8 7.Nf3 Nd7 8.Bc4 Nc5 9.Qe2 c6
10.Bd2 cxd5 11.Bxd5 Nf6 12.Bc4 O-O 13.O-O e6 14.e5 Nd5 15.Nxd5 exd5 16.Bxd5 dxe5
17.Qc4 Be6 18.Bxe6 Nxe6 19.fxe5 Rc8 20.Qe4 Qb6+ 21.Kh1 Qxb2 22.Rab1 Qxc2
23.Qxc2 Rxc2 24.Rxb7 Rfc8 25.a5 h6 26.Bb4 Rb2 27.Rb6 Rcc2 28.Ne1 Rc1 29.Bd6 Re2
30.Rb8+ Bf8 31.Bb4 Rb1  0-1

[Event "38th American Open"]
[Site "Los Angeles USA"]
[Date "2002.11.29"]
[Round "4"]
[White "Khachian,M"]
[Black "Lakdawala,C"]
[Result "1-0"]
[WhiteElo "2481"]
[BlackElo "2437"]

1.e4 g6 2.d4 Bg7 3.Nc3 d6 4.f4 a6 5.Nf3 b5 6.Bd3 Nd7 7.O-O c5 8.Be3 Ngf6
9.dxc5 Nxc5 10.e5 Ng4 11.Bxc5 dxc5 12.Be4 Qxd1 13.Raxd1 Ra7 14.Bc6+  1-0

[Event "33rd NCC"]
[Site "Philadelphia USA"]
[Date "2002.11.29"]
[Round "1"]
[White "Blehm,P"]
[Black "Baczynskyj,B"]
[Result "1-0"]
[WhiteElo "2526"]
[BlackElo "2239"]

1.e4 g6 2.d4 Bg7 3.Nc3 d6 4.Be3 Nd7 5.Qd2 c6 6.f4 Ngf6 7.Nf3 Qa5 8.h3 e5
9.O-O-O b5 10.fxe5 dxe5 11.dxe5 Nh5 12.e6 Ne5 13.Qd6 b4 14.Bc5 Bf8 15.exf7+ Kxf7
16.Ng5+  1-0

[Event "ch-ISR"]
[Site "Tel Aviv ISR"]
[Date "2002.11.29"]
[Round "5"]
[White "Tseitlin,Ma"]
[Black "Kantsler,B"]
[Result "1-0"]
[WhiteElo "2472"]
[BlackElo "2486"]

1.e4 g6 2.d4 Bg7 3.Nc3 d6 4.Bg5 c5 5.dxc5 Qa5 6.Bd2 Qxc5 7.Nd5 Be6 8.c4 Nf6
9.Bd3 Ng4 10.Nh3 Ne5 11.Nhf4 Nxd3+ 12.Nxd3 Qxc4 13.Qf3 Bxd5 14.exd5 Nd7 15.O-O Nb6
16.Nf4 Bxb2 17.Rae1 Bg7 18.h4 Nd7 19.Re4 Qxa2 20.Bc3 Ne5 21.Qd1 b5 22.Ne2 O-O
23.f4 Nc4 24.Bxg7 Kxg7 25.Nd4 Rae8 26.h5 Nb6 27.h6+ Kxh6 28.f5 Qxd5 29.Qc1+ Kg7
30.Rh4 h5 31.Qg5 Rh8 32.Re1 Kg8  1-0

[Event "ch-ROM"]
[Site "Curtea de Arges ROM"]
[Date "2002.11.30"]
[Round "4.2"]
[White "Vajda,L"]
[Black "Nevednichy,V"]
[Result "1-0"]
[WhiteElo "2576"]
[BlackElo "2555"]

1.e4 g6 2.d4 Bg7 3.Nc3 d6 4.Nf3 a6 5.Be2 b5 6.O-O Bb7 7.Re1 e6 8.a3 Nd7 9.Bf4 Ne7
10.Qd2 h6 11.h4 Kf8 12.Rad1 Kg8 13.Bd3 Kh7 14.h5 Kg8 15.a4 g5 16.Bg3 b4 17.Na2 Nf6
18.Qxb4 Rb8 19.Qa3 Nxh5 20.e5 Nxg3 21.fxg3 Nc6 22.Qc3 h5 23.Be4 Ne7 24.Bxb7 Rxb7
25.Nb4 a5 26.Nc6 Nxc6 27.Qxc6 Rxb2 28.d5 Rb6 29.Qc4 Rb4 30.Qa2 g4 31.c3 Rb6
32.Nh4 Rh6 33.Qd2 dxe5 34.c4 Rb4 35.Qc2 Qe7 36.dxe6 Rxe6 37.Rd5 c6 38.Rxa5 Qd8
39.Ra6 e4 40.Rd1 Qg5 41.Ra8+ Kh7 42.Qf2 Rf6 43.Qe2 Qc5+ 44.Kh2 Qxc4 45.Qd2 Rxa4
46.Re8 Qc5 47.Qd7 Ra7 48.Qd8 Qa5 49.Qb8 Rf2 50.Rxe4 Qc7 51.Qb1 f5 52.Ree1 Raa2
53.Qd3 c5 54.Qd5 c4 55.Re8 Ra6 56.Qg8+ Kh6 57.Re6+ Rxe6 58.Qxe6+ Kh7 59.Rd7  1-0